header

Savage Beauty: (Record no. 252372)

MARC details
000 -LEADER
fixed length control field 00627nam a22002177a 4500
003 - CONTROL NUMBER IDENTIFIER
control field OSt
005 - DATE AND TIME OF LATEST TRANSACTION
control field 20231117110225.0
008 - FIXED-LENGTH DATA ELEMENTS--GENERAL INFORMATION
fixed length control field 231117b xxu||||| |||| 00| 0 eng d
010 ## - LIBRARY OF CONGRESS CONTROL NUMBER
LC control number 2001018598
020 ## - INTERNATIONAL STANDARD BOOK NUMBER
International Standard Book Number 0375760814
International Standard Book Number 039457589X (alk. paper)
040 ## - CATALOGING SOURCE
Original cataloging agency DLC
Transcribing agency DLC
Modifying agency DLC
050 ## - LIBRARY OF CONGRESS CALL NUMBER
Classification number PS3525.I495
Item number .Z72 2001
082 ## - DEWEY DECIMAL CLASSIFICATION NUMBER
Item number
100 ## - MAIN ENTRY--PERSONAL NAME
Personal name Milford, Nancy
245 ## - TITLE STATEMENT
Title Savage Beauty:
Remainder of title The Life of Edna St. Vincent Millay
Statement of responsibility, etc Nancy Milford
250 ## - EDITION STATEMENT
Edition statement 1st Edn
260 ## - PUBLICATION, DISTRIBUTION, ETC. (IMPRINT)
Place of publication, distribution, etc New York :
Name of publisher, distributor, etc Random House,
Date of publication, distribution, etc c2001.
300 ## - PHYSICAL DESCRIPTION
Extent xviii, 550 p., [32] p. of plates :
Other physical details ill. ;
Dimensions 25 cm.
942 ## - ADDED ENTRY ELEMENTS (KOHA)
Koha item type Long Loan Books
Source of classification or shelving scheme Library of Congress Classification
Holdings
Withdrawn status Lost status Source of classification or shelving scheme Damaged status Not for loan Collection code Home library Current library Shelving location Date acquired Total Checkouts Total Renewals Full call number Barcode Date last seen Date checked out Price effective from Koha item type
    Library of Congress Classification     Fiction Rongo University Library Rongo University Library General Stacks 12/02/2016 4 1 PS3525.I495Z72 2001 20169780 16/03/2020 03/03/2020 12/02/2016 Long Loan Books

© 2026 Rongo University
Contact us: librarian | system librarian | Rongo university